000 04254cam a2200433 i 4500
001 22769098
005 20250428103458.0
008 220829s2023 mdu b 000 0 eng
010 _a 2022024607
020 _a9781421446189
040 _aCRL
_beng
_erda
_cCRL
_dCRL
041 _2eng
_aeng
042 _apcc
043 _an-us---
050 0 0 _aHQ77.95.U6
_bC37 2023
084 _aY658.73 R3
_qCRL
245 0 4 _aThe conversation on gender diversity
260 _aBaltimore, USA:
_bJohns Hopkins University Press,
_c2023.
264 1 _c2023.
300 _axxv, 259.p
_c20 cm.
336 _atext
_btxt
_2rdacontent
337 _aunmediated
_bn
_2rdamedia
338 _avolume
_bnc
_2rdacarrier
365 _b16.95
_cUSD
490 0 _aCritical conversations
504 _aIncludes bibliographical references.
520 _a"This book collects articles from nonprofit, independent news organization, The Conversation, to present an important primer on the history of gender diversity and the current challenges transgender people face in American society"--
_cProvided by publisher.
520 _a"From contributors to The Conversation, a look at gender diversity in the twenty-first century and the intricate and intersecting challenges faced by trans and nonbinary people.With media amplifying the voices of anti-trans legislators and critics, it is important to turn to the stories, research, and expertise of trans and nonbinary people in order to understand the reality of their experiences. In The Conversation on Gender Diversity, editor Jules Gill-Peterson assembles essential essays from The Conversation U.S. by experts on gender diversity. The essays guide readers through seldom-covered aspects of transgender history and present an overview of the social and political barriers that disenfranchise trans people and attempt to remove them from public life. As these essays collectively show, trans and nonbinary people may be forced to be the face of gender and its diversity, but the cultural, political, and social realities of gender connect-and subject-everyone. Despite these challenges, there is an immense culture of love and support across the queer community that is bolstered by activists and allies working against transphobic attacks. Trans and gender-diverse youth are growing up in a world filled with ever-increasing hurdles and rising danger, even with the contemporary public recognition of trans life in culture and media. But they are not facing these challenges alone.The Critical Conversations series collects relevant essays from top scholars on timely topics, including water, biotechnology, gender diversity, gun culture, and more, originally published on the independent news site The Conversation U.S. Contributors: Robert L. Abreu, Catherine Armstrong, Stacy Branham, Christopher Carpenter, L. F. Carver, Mandy Coles, Arin Collin, George B. Cunningham, Avery Dame-Griff, Jules Gill-Peterson, Abbie Goldberg, Gilbert Gonzales, Frances Grimstad, Foad Hamidi, Elizabeth Heineman, Glen Hosking, Bethany Grace Howe, Jay A. Irwin, Shanna K. Kattari, Kacie Kidd, Terry Kogan, Vanessa LoBue, Gabriel Lockett, Megan K. Maas, Julie Manning Magid, Em Matsuno, Tey Meadow, Kyl Myers, Madeleine Pape, Ruth Pearce, Jae A. Puckett, Samantha G. Rosenthal, Morgan Klaus Scheuerman, Elizabeth A. Sharrow, Carl Sheperis, Donna Sheperis, stef m. shuster, Jules Sostre, Ryan Storr, Carl Streed, Diana M. Tordoff, Travers"--
_cProvided by publisher.
650 0 _aTransgender people
_zUnited States.
_9753074
650 0 _aGender identity
_zUnited States.
_9753075
650 0 _aGender-nonconforming people
_zUnited States.
_9753076
650 7 _aSOCIAL SCIENCE / Gender Studies
_2bisacsh
_9753077
650 7 _aPOLITICAL SCIENCE / Public Policy / Social Policy
_2bisacsh
_9753078
700 1 _aGill-Peterson, Jules,
_eeditor.
_9753079
906 _a7
_bcbc
_corignew
_d1
_eecip
_f20
_gy-gencatlg
942 _2CC
_cTB
_hY658.73 R3
_n0
999 _c1309422
_d1309422